Et si Squeezie était polyglotte ? # 3 - Statistiques

Statistiques générales
  • Ce quiz a été pris 11 fois
  • Le résultat moyen est 4 sur 19
Statistiques - réponses
Phrase Langue % Correct
இது உங்களுக்கு நல்லதா? Tamoul
64%
Արդյո՞ք դա լավ է ձեզ համար: Arménien
55%
Энэ нь танд сайн уу? Mongol
45%
သင့်အတွက် ကောင်းသလား။ Birman
27%
He mea maikaʻi iā ʻoe? Hawaïen
27%
តើវាល្អសម្រាប់អ្នកទេ? Khmer
27%
Ngaba ilungile kuwe? Xhosa
27%
এটা কি তোমার পক্ষে ভালো? Bengali
18%
És bo per a tu? Catalan
18%
Is it goed foar dy? Frison
18%
Nws puas zoo rau koj? (Bonus) Hmong
18%
ކަލެއަށް ރަނގަޅު ހެއްޔެވެ؟ Maldivien
18%
Bu siz uchun yaxshimi? Ouzbek
18%
E lelei mo oe? Samoan
18%
Je, ni nzuri kwako? Swahili
18%
Ona al da zuretzat? Basque
9%
Apa apik kanggo sampeyan? Javanais
9%
Ezali malamu mpo na yo? Lingala
9%
Tsara ho anao ve izany? Malgache
0%
Aucun quiz correspondant
Distribution des résultats
% des personnes avec chaque résultat
Percentile par nombre de réponses
Votre historique - résultats
Vous n’avez pas pris ce quiz